000 01249njm a22003017a 4500
005 20100917105932.0
006 a|||||r|||||00| 0
007 sd ammalaaahaa
008 100901t xxu||||| |||| 00| 0 eng d
028 _a2418-5032
_bINRECO
035 _aGR-03107
040 _aSED
_cSED
100 _aPatel, Anjana
_917891
245 _aMahasati maina sundari /
_cby Anjana Patel; music by P. Sumanchandra; lyric by Jain [and] Dinesh Salgia
_h[Sound recording]
246 _aमहासती मैना सुंदरी / अंजना पटेल द्वारा
260 _aDum Dum, India
_bINRECO
_c1978
300 _a1 Sound disc [Gramophone Recording] :
_banalog, 33 1/3 rpm
_c12 in. (LP)
_fGramophone Record
500 _aBrief record
500 _aRecord Labels : INRECO, White
505 _aSide-1 (Teerth karne chali sati) (Anjana Patel) --Side-2 (Dukh se nahi ghabharao mere sati) (Manna Dey)
600 _aPatel, Anjana
_919718
650 _aFilm songs
_xExcerpts
_zIndia
_917892
700 _aP. Sumanchandra
_920083
700 _aJain
_920095
700 _aSalgia, Dinesh
_920094
942 _2ddc
_cGR
999 _c46355
_d46355